000 00413nam a2200157 4500
999 _c1298
_d1298
008 200120b ||||| |||| 00| 0 eng d
020 _a0241023521
082 0 0 _a359.10942
_bB486
100 _9886
_aBerckman, Evelyn
245 1 0 _aThe Hidden navy/
_cby Evelyn Berckman
250 _a2nd ed.
260 _aLondon:
_bHamilton,
_c1973
300 _axiv, 159 p.
650 0 _aArmed Forces--Sea life
942 _2ddc
_cBK